000 00850cam a22002531a 4500
999 _c22004
_d22004
001 7984162
003 OSt
005 20200518140902.0
008 810709s1955 enk 001 0 eng
010 _asa 64006831
035 _a(OCoLC)7567692
040 _coclc
042 _apremarc
050 0 0 _aBP161
_b.A335 1955
082 _a297
_bALI/S
100 _aAli, Syed Ameer
_d1849-1928.
_92190
245 1 4 _aThe spirit of Islam :
_ba history of the evolution and ideals of Islam, with a life of the Prophet /
_cSyed Ameer Ali
260 _aLondon :
_bChristophers
_c[1955]
300 _a515 p. :
_bfront. (facsim.) ;
_c22 cm.
504 _aBibliographical index: p. 513-515.
600 0 0 _aMuḼammad,
_cProphet,
_d-632.
906 _a7
_bcbc
_coclcrpl
_du
_encip
_f19
_gy-gencatlg
942 _2ddc
_cBK
_h297
_iALI/S
_k297
_mALI/S